00507 2200193 4500001002100000005001500021008004100036020002200077035001900099041000700118082000800125090001000133100003500143245004400178260003100222300002300253500001000276650002700286INLIS00000000000440520241224112914241224||||||||| | ||| |||| || |  a978-602-1622-19-3 0010-1224004405 aid0 a633 a633.70 aYUSNU IMAM NURHAKIM SRI RAHAYU00aPERKEBUNAN KOPI SKALA KECIL CEPAT PANEN adepokbINFRA PUSTAKAc2014 a15X23 CM,; 160 HAL aCET 1 0aILMU SENI DAN OLAHRAGA